000 00620nam a2200193Ia 4500
008 090124s9999 xx 000 0 und d
082 _a6755
082 _b25082
100 _aकाळे व.पु. (वसंत पुरुषोत्तम)
245 _a वपुर्वाई
250 _a1
260 _c1986
300 _a124
600 _aकाळे व.पु. (वसंत पुरुषोत्तम)
630 _a वपुर्वाई
700 _aकाळे व.पु. (वसंत पुरुषोत्तम)
730 _a वपुर्वाई
942 _cBOOK
999 _c138613
_d138613